000 00473nam a2200169 a 4500
020 _a0627022065
040 _cDLC
082 _a351 JLS 1997 C146 Or.
245 0 0 _aDevelopment administration and management :
_ba holistic approach /
250 _a1st ed.
260 _aHatfield, Pretoria :
_bJ.L. van Schaik,
_c1997.
300 _axi, 113 p. ;
_c24 cm.
650 0 _aEconomic development
700 1 _aKotzé, D. A.
700 1 _aKellerman, G. E. J.
942 _cAEDBB
999 _c18477
_d18477